| 000 | 00473nmm a2200157Ia 4500 | ||
|---|---|---|---|
| 008 | 251105s9999||||xx |||||||||||||||||und|| | ||
| 020 | _a9788490113110 | ||
| 041 | _aspa | ||
| 100 | _aValverde Virseda, Isabel | ||
| 245 | 0 | _aDesde el otro lado | |
| 264 |
_a[Madrid, España] : _bVision Libros, _c[Fecha de publicación no identificada] |
||
| 300 | _a476 páginas | ||
| 650 | _aSpanish narrative | ||
| 856 | _uhttps://public.digitaliapublishing.com/a/88954 | ||
| 942 | _cCF | ||
| 999 |
_c87477 _d87477 |
||